Catalog

Record Details

Catalog Search



Available copies

  • 1 of 1 copy available at LARL/NWRL Consortium.

Current holds

0 current holds with 1 total copy.

Show All Copies
Location Call Number / Copy Notes Barcode Shelving Location Status Due Date
Thief River Falls Public Library j HUT (Text) 35500006007304 Main Available -

Record details

  • ISBN: 9781338115024
  • ISBN: 1338115022
  • Physical Description: 173 pages ; 20 cm.
  • Publisher: New York, NY : Scholastic Inc., [2018]

Content descriptions

Summary, etc.:
When wedding guests and their dogs arrive at ... Read More
Target Audience Note:
Grade 4.
Appeals to 3rd-5th Graders.
Subject: Bed and breakfast accommodations > Juvenile fiction.
Dogs > Juvenile fiction.
Weddings > Juvenile fiction.
Sisters > Juvenile fiction.
Cousins > Juvenile fiction.
Friendship > Juvenile fiction.
LDR 01542cam a2200433Ii 4500
001278305
003LARL_NWRL_CONSORTIUM
00520180212165624.0
008171214t20182018nyu j 000 1 eng d
020 . ‡a9781338115024 ‡q(paperback)
020 . ‡a1338115022 ‡q(paperback)
035 . ‡a(OCoLC)989968639 ‡z(OCoLC)1016408351
040 . ‡aSFR ‡beng ‡erda ‡cSFR ‡dFCS ‡dOCLCO ‡dJN3 ‡dOCLCF ‡dSADPL ‡dIHX ‡dEHH ‡dGZD
08204. ‡a[Fic] ‡223
099 . ‡aINT
1001 . ‡aHutton, Clare, ‡eauthor.
24510. ‡aNatalia takes the lead ‡n#2 / ‡cby Clare Hutton.
264 1. ‡aNew York, NY : ‡bScholastic Inc., ‡c[2018]
264 4. ‡c℗♭2018
300 . ‡a173 pages ; ‡c20 cm.
336 . ‡atext ‡btxt ‡2rdacontent
337 . ‡aunmediated ‡bn ‡2rdamedia
338 . ‡avolume ‡bnc ‡2rdacarrier
4900 . ‡aAmerican Girl: Like sisters ; ‡v2
4900 . ‡aLike sisters ; ‡v2
520 . ‡aWhen wedding guests and their dogs arrive at Seaview House, Natalia agrees to watch and walk all the guests' dogs but runs into trouble when one of the dogs goes missing.
5210 . ‡aGrade 4.
5212 . ‡aAppeals to 3rd-5th Graders.
650 0. ‡aBed and breakfast accommodations ‡vJuvenile fiction.
650 0. ‡aDogs ‡vJuvenile fiction. ‡0(LARL_NWRL_CONSORTIUM)164650
650 0. ‡aWeddings ‡vJuvenile fiction.
650 0. ‡aSisters ‡vJuvenile fiction. ‡0(LARL_NWRL_CONSORTIUM)167228
650 0. ‡aCousins ‡vJuvenile fiction. ‡0(LARL_NWRL_CONSORTIUM)171698
650 0. ‡aFriendship ‡vJuvenile fiction. ‡0(LARL_NWRL_CONSORTIUM)164914
7300 . ‡aAmerican girl. ‡0(LARL_NWRL_CONSORTIUM)134921
901 . ‡a278305 ‡b ‡c278305 ‡tbiblio

Additional Resources